[Event "Valle Region-ch U12 Girls"]
[Site "Ansermanuevo"]
[Date "2012.03.23"]
[Round "2.2"]
[White "Cayon, Laura Valentina"]
[Black "Gutierrez Azcarate, Camila"]
[Result "1-0"]
[WhiteElo "1464"]
[BlackElo "1260"]
[PlyCount "29"]
[EventDate "2012.03.23"]
[EventType "swiss"]
[EventRounds "6"]
[EventCountry "COL"]
[SourceTitle "EXT 2024"]
[Source "ChessBase"]
[SourceDate "2023.10.10"]
[SourceVersion "1"]
[SourceVersionDate "2023.10.10"]
[SourceQuality "1"]

1. e4 e5 2. Nf3 Nc6 3. d4 d6 4. dxe5 dxe5 5. Qxd8+ Nxd8 6. Nxe5 Bb4+ 7. Bd2 Bc5 8. Nc3 c6 9. Nd3 Bd4 10. Be2 Ne6 11. 0-0 Nh6 12. Kh1 Ng4 13. Bxg4 g6 14. Rae1 Bd7 15. Bxe6 1-0